<?xml version="1.0" encoding="UTF-8"?>
<collection xmlns="http://www.loc.gov/MARC21/slim">
 <record>
  <leader>01442nam a2200445   4500</leader>
  <controlfield tag="001">DLU120134655</controlfield>
  <controlfield tag="005">##20120510</controlfield>
  <controlfield tag="008">##950404d19942001si ar         0    0eng d</controlfield>
  <datafield tag="010" ind1="#" ind2="#">
   <subfield code="a">   95652927 </subfield>
  </datafield>
  <datafield tag="030" ind1="#" ind2="#">
   <subfield code="a">ARCPFB</subfield>
  </datafield>
  <datafield tag="035" ind1="#" ind2="#">
   <subfield code="a">(OCoLC)ocm32250897 </subfield>
  </datafield>
  <datafield tag="040" ind1="#" ind2="#">
   <subfield code="a">MiEM</subfield>
   <subfield code="c">MiEM</subfield>
   <subfield code="d">IU</subfield>
   <subfield code="d">DLC</subfield>
   <subfield code="d">MiU</subfield>
   <subfield code="d">DLC</subfield>
   <subfield code="d">GU</subfield>
   <subfield code="d">OUCA</subfield>
   <subfield code="d">TNJ</subfield>
   <subfield code="d">InU</subfield>
   <subfield code="d">WaU</subfield>
   <subfield code="d">GU</subfield>
   <subfield code="d">OCoLC</subfield>
   <subfield code="d">GU</subfield>
  </datafield>
  <datafield tag="042" ind1="#" ind2="#">
   <subfield code="a">lc</subfield>
  </datafield>
  <datafield tag="082" ind1="#" ind2="#">
   <subfield code="a">530.158</subfield>
   <subfield code="b">Ann</subfield>
  </datafield>
  <datafield tag="245" ind1="#" ind2="#">
   <subfield code="a">Annual reviews of computational physics.</subfield>
   <subfield code="n">vol.IX.</subfield>
  </datafield>
  <datafield tag="260" ind1="#" ind2="#">
   <subfield code="a">Singapore ;</subfield>
   <subfield code="a">[River Edge] N.J. :</subfield>
   <subfield code="b">World Scientific,</subfield>
   <subfield code="c">c1994-c2001.</subfield>
  </datafield>
  <datafield tag="300" ind1="#" ind2="#">
   <subfield code="a">9 v. :</subfield>
   <subfield code="b">ill. ;</subfield>
   <subfield code="c">23 cm.</subfield>
  </datafield>
  <datafield tag="310" ind1="#" ind2="#">
   <subfield code="a">Annual</subfield>
  </datafield>
  <datafield tag="362" ind1="#" ind2="#">
   <subfield code="a">Vol. 1 (1994)-v. 9 (2001).</subfield>
  </datafield>
  <datafield tag="510" ind1="#" ind2="#">
   <subfield code="a">Chemical abstracts</subfield>
   <subfield code="x">0009-2258</subfield>
  </datafield>
  <datafield tag="580" ind1="#" ind2="#">
   <subfield code="a">Absorbed by and became a section of: International journal of Modern physics. C, with the June 2001 issue.</subfield>
  </datafield>
  <datafield tag="650" ind1="#" ind2="#">
   <subfield code="a">Mathematical physics</subfield>
   <subfield code="x">Data processing</subfield>
   <subfield code="v">Periodicals.</subfield>
  </datafield>
  <datafield tag="650" ind1="#" ind2="#">
   <subfield code="a">Physics</subfield>
   <subfield code="x">Data processing</subfield>
   <subfield code="v">Periodicals.</subfield>
  </datafield>
  <datafield tag="785" ind1="#" ind2="#">
   <subfield code="t">International journal of modern physics. C</subfield>
   <subfield code="x">0129-1831</subfield>
   <subfield code="w">(DLC)   90641030</subfield>
   <subfield code="w">(OCoLC)22160159</subfield>
  </datafield>
  <datafield tag="850" ind1="#" ind2="#">
   <subfield code="a">DLC</subfield>
   <subfield code="a">GU</subfield>
   <subfield code="a">InU</subfield>
   <subfield code="a">MiU</subfield>
   <subfield code="a">WaU</subfield>
  </datafield>
  <datafield tag="852" ind1="#" ind2="#">
   <subfield code="x">universal pattern</subfield>
  </datafield>
  <datafield tag="853" ind1="#" ind2="#">
   <subfield code="8">1</subfield>
   <subfield code="a">(*)</subfield>
   <subfield code="i">(year)</subfield>
   <subfield code="w">a</subfield>
  </datafield>
  <datafield tag="863" ind1="#" ind2="#">
   <subfield code="8">1.1</subfield>
   <subfield code="a">&lt;9&gt;</subfield>
   <subfield code="i">&lt;2001&gt;</subfield>
  </datafield>
  <datafield tag="923" ind1="#" ind2="#">
   <subfield code="a">04/2012</subfield>
  </datafield>
  <datafield tag="990" ind1="#" ind2="#">
   <subfield code="a">vol.IX</subfield>
  </datafield>
  <datafield tag="991" ind1="#" ind2="#">
   <subfield code="a">GT</subfield>
  </datafield>
  <datafield tag="992" ind1="#" ind2="#">
   <subfield code="a">13400</subfield>
  </datafield>
  <datafield tag="994" ind1="#" ind2="#">
   <subfield code="a">DLU</subfield>
  </datafield>
  <datafield tag="900" ind1="#" ind2="#">
   <subfield code="a">True</subfield>
  </datafield>
  <datafield tag="911" ind1="#" ind2="#">
   <subfield code="a">Đào Thị Thu Huyền</subfield>
  </datafield>
  <datafield tag="925" ind1="#" ind2="#">
   <subfield code="a">G</subfield>
  </datafield>
  <datafield tag="926" ind1="#" ind2="#">
   <subfield code="a">A</subfield>
  </datafield>
  <datafield tag="927" ind1="#" ind2="#">
   <subfield code="a">SH</subfield>
  </datafield>
  <datafield tag="980" ind1="#" ind2="#">
   <subfield code="a">Thư viện Trường Đại học Đà Lạt</subfield>
  </datafield>
 </record>
</collection>
